Exploring early India upto c.AD1300 / (Record no. 102304)

MARC details
000 -LEADER
fixed length control field 01144nam a22002777a 4500
005 - DATE AND TIME OF LATEST TRANSACTION
control field 20170706110422.0
010 ## - LCCN (DPL NO)
LC control number 1617EN ENG-116819
020 ## - INTERNATIONAL STANDARD BOOK NUMBER
International Standard Book Number 9789384082673
Terms of availability 320.00
035 ## - SYSTEM CONTROL NUMBER
System control number B-651213-221
035 ## - SYSTEM CONTROL NUMBER
System control number B-664683
035 ## - SYSTEM CONTROL NUMBER
System control number EN-100351
037 ## - SOURCE OF ACQUISITION
Source of stock number/acquisition BSB
Stock number dpl
082 ## - DEWEY DECIMAL CLASSIFICATION NUMBER
Classification number 954.02
100 ## - MAIN ENTRY--PERSONAL NAME
Personal name Chakravarti, Ranabir
245 ## - TITLE STATEMENT
Title Exploring early India upto c.AD1300 /
Statement of responsibility, etc by Ranabir Chakravarti
250 ## - EDITION STATEMENT
Edition statement 3rd ed.
260 ## - PUBLICATION, DISTRIBUTION, ETC. (IMPRINT)
Place of publication, distribution, etc Delhi
Name of publisher, distributor, etc Primus Books.
Date of publication, distribution, etc 2016
270 ## - ADDRESS
Address Virat Bhawan, Mukhrjee Nagar Commercial Complex.
City Delhi
Postal code 110009
300 ## - PHYSICAL DESCRIPTION
Extent xxiv,491p.
Other physical details 24cm(pbk)
500 ## - GENERAL NOTE
General note Includes bibliographical references and index
650 ## - SUBJECT ADDED ENTRY--TOPICAL TERM
Topical term or geographic name as entry element Folk literature, Marathi
Form subdivision Translations into English.
650 ## - SUBJECT ADDED ENTRY--TOPICAL TERM
Topical term or geographic name as entry element Dhangar (Indic people)
Form subdivision Folklore.
942 ## - ADDED ENTRY ELEMENTS (KOHA)
Source of classification or shelving scheme Dewey Decimal Classification
Item type English Books
Classification part 954.02
Call number suffix CHA
Holdings
Withdrawn status Lost status Not for loan Collection code Home library Current library Date acquired Source of acquisition Cost, normal purchase price Full call number Barcode Copy number Cost, replacement price Koha item type
      Non-fiction Ashok Vihar Ashok Vihar 06/07/2017 BPPD/EN/2016-17/AV/2016-17/455/15.02.2017/BSB/IN513/28.02.2017/06.03.2017 320.00 954.02 CHA B-664683 1 320.00 English Books
      Non-fiction Bagh Kadhe Khan Bagh Kadhe Khan 24/01/2017 BPPD/CH/EN/289/24.11.2016/344/2.12.2016/4.1.2017 320.00 954.02 CHA B-651220 1 320.00 English Books
      Non-fiction Bawana Bawana 24/01/2017 BPPD/CH/EN/289/24.11.2016/344/2.12.2016/4.1.2017 320.00 954.02 CHA B-651218 1 320.00 English Books
      Non-fiction Central Library Central Library 24/01/2017 BPPD/CH/EN/289/24.11.2016/344/2.12.2016/4.1.2017 320.00 954.02 CHA B-651213 1 320.00 English Books
    Not For Loan Non-fiction D.B.Act.Division D.B.Act.Division 14/12/2016 DBAD/PUB 320.00 954.02 CHA EN-100351 1 320.00 English Books
      Non-fiction Janak Puri Janak Puri 24/01/2017 BPPD/CH/EN/289/24.11.2016/344/2.12.2016/4.1.2017 320.00 954.02 CHA B-651216 1 320.00 English Books
      Non-fiction New Police Line New Police Line 24/01/2017 BPPD/CH/EN/289/24.11.2016/344/2.12.2016/4.1.2017 320.00 954.02 CHA B-651214 1 320.00 English Books
      Non-fiction New Rohtak Road New Rohtak Road 24/01/2017 BPPD/CH/EN/289/24.11.2016/344/2.12.2016/4.1.2017 320.00 954.02 CHA B-651219 1 320.00 English Books
      Non-fiction Patel Nagar Patel Nagar 24/01/2017 BPPD/CH/EN/289/24.11.2016/344/2.12.2016/4.1.2017 320.00 954.02 CHA B-651215 1 320.00 English Books
      Non-fiction Sarojini Nagar Sarojini Nagar 24/01/2017 BPPD/CH/EN/289/24.11.2016/344/2.12.2016/4.1.2017 320.00 954.02 CHA B-651217 1 320.00 English Books
      Non-fiction Shahdara Branch Shahdara Branch 24/01/2017 BPPD/CH/EN/289/24.11.2016/344/2.12.2016/4.1.2017 320.00 954.02 CHA B-651221 1 320.00 English Books

© Delhi Public Library
Hit Counter
free hit counter